Countries with Wild Wildebeest - Statistics

General Stats
  • This quiz has been taken 72 times
  • The average score is 11 of 11
Answer Stats
Answer % Correct
Angola
100%
Botswana
100%
Kenya
100%
Mozambique
100%
Namibia
100%
Tanzania
100%
Zambia
100%
Zimbabwe
100%
South Africa
96%
Eswatini
93%
Lesotho
87%
No matching quizzes found
Score Distribution
Percent of People with Each Score
Percentile by Number Answered
Your Score History
You have not taken this quiz